=LDR 00000nam 2200000 4500 =001 INLIS000000000036661 =005 20130612142433 =008 ***********************************Ind** =035 ##$$0010-061300000036661 =041 ##$$a Ind =082 ##$$a 641.8 =090 ##$$a 641.8, Che s =100 ##$$a Chendrawati =245 ##$$a Seni resep andalan Ny Liem, kue kering gaya baru, Chendhawati =260 ##$$a 2007 $b jakarta =300 ##$$a 56 hlm, ilus, 20 cm =650 ##$$a Kue-Resep =850 ##$$a NBPNMAT